LIBRARY & INFORMATION CENTRE, KCAET, TAVANUR

ONLINE PUBLIC ACCESS CATALOGUE (OPAC)

Agricultural drainage water management in arid and semi-arid areas / (Record no. 13279)

MARC details
000 -LEADER
fixed length control field 00507cam a2200169ua 4500
041 ## - LANGUAGE CODE
Language code of text/sound track or separate title eng
082 ## - DEWEY DECIMAL CLASSIFICATION NUMBER
Classification number 631.5872
Item number TAN/AG
100 ## - MAIN ENTRY--AUTHOR NAME
Personal name Tanji, Kenneth K .
245 ## - TITLE STATEMENT
Title Agricultural drainage water management in arid and semi-arid areas /
260 ## - PUBLICATION, DISTRIBUTION, ETC. (IMPRINT)
Place of publication Jodhpur :
Name of publisher Scientific Publishers ,
Year of publication 2007.
300 ## - PHYSICAL DESCRIPTION
Number of Pages 188 ;
Accompanying material CD.
500 ## - GENERAL NOTE
General note FAO Irrigation and drainage paper
700 1# - ADDED ENTRY--PERSONAL NAME
Personal name Kielen, Neeltje C .
942 ## - ADDED ENTRY ELEMENTS (KOHA)
Koha item type Books
Holdings
Withdrawn status Lost status Damaged status Home library Current library Date acquired Full call number Accession Number Koha item type
      KAUAET KAUAET 07/04/2012 631.5872 21543 Books
free website counter